000 00378nam a2200145Ia 4500
008 231129s1994||||xx |||||||||||||| ||spa||
020 _a84-7509-984-X
040 _bspa
082 _a927 M423d
100 _aDewey Donald
245 0 _aMarcelo Mastroianni: una biografia intima
260 _c1994
264 _aPaidos
942 _2ddc
_cBKS
999 _c20629
_d20629